| 000 | 00659nam a2200193 a 4500 | ||
|---|---|---|---|
| 005 | 20230523063716.0 | ||
| 008 | 051031s2000 mx r 000 0 spa d | ||
| 020 | _a9688593923 | ||
| 035 | _aUPN01000140912 | ||
| 049 | _aCG | ||
| 050 | 4 |
_aB3317 _bA5.5 |
|
| 100 | 1 | _aAnsoleaga, Blanca L. | |
| 245 | 1 | 4 |
_aLos movimientos de la pasión en Nietzsche : _bdesde los susurros del cariño hasta los truenos de la demencia / _cBlanca L. Ansoleaga. |
| 260 |
_aMéxico : _bUniversidad Iberoamericana, _c2000. |
||
| 300 | _a143 p. | ||
| 440 | 0 |
_aSophia ; _v19 |
|
| 600 | 1 | 0 |
_aNietzsche, Friedrich Wilhelm, _d1844-1900 _xCrítica e interpretación _97380 |
| 905 | _aLibro | ||
| 999 |
_c113060 _d113060 |
||